西武鉄道 開業当時の社名 - Statistics

General Stats
  • This quiz has been taken 95 times
  • The average score is 13 of 16
Answer Stats
路線 区間 社名 % Correct
西武秩父線 全線 西武鉄道
96%
西武有楽町線 全線 西武鉄道
96%
新宿線 西武新宿 - 高田馬場 西武鉄道
96%
新宿線 高田馬場 - 東村山 西武鉄道(旧)
96%
拝島線 萩山 - 拝島 西武鉄道
96%
西武園線 東村山 - 野口信号所(廃) 西武鉄道(旧)
96%
西武園線 野口信号所(廃) - 西武園 西武鉄道
96%
山口線 全線 西武鉄道
96%
池袋線 全線 武蔵野鉄道
84%
豊島線 全線 武蔵野鉄道
84%
狭山線 全線 武蔵野鉄道
84%
新宿線 東村山 - 本川越 川越鉄道
72%
国分寺線 全線 川越鉄道
72%
拝島線 小平 - 萩山 多摩湖鉄道
61%
多摩湖線 全線 多摩湖鉄道
61%
多摩川線 全線 多摩鉄道
45%
No matching quizzes found
Score Distribution
Percent of People with Each Score
Percentile by Number Answered
Your Score History
You have not taken this quiz